Florence Pugh - All Movies - Statistics

General Stats
  • This quiz has been taken 21 times
  • The average score is 6 of 18
Answer Stats
Year Movie % Correct
2025 Thunderbolts*
81%
2021 Black Widow
69%
2019 Midsommar
69%
2019 Little Women
63%
2023 Oppenheimer
63%
2022 Don't Worry Darling
50%
2024 We Live In Time
44%
2019 Fighting With My Family
31%
2016 Lady Macbeth
25%
2024 Dune: Part Two
19%
2022 Puss in Boots: The Last Wish
19%
2022 The Wonder
19%
2023 A Good Person
13%
2018 Malevolent
13%
2018 Outlaw King
13%
2023 The Boy and the Heron
13%
2014 The Falling
13%
2018 The Commuter
6%
No matching quizzes found
Score Distribution
Percent of People with Each Score
Percentile by Number Answered
Your Score History
You have not taken this quiz